The pursuit of truth (Record no. 76892)
[ view plain ]
| 000 -LEADER | |
|---|---|
| fixed length control field | 01169cab a2200217 4500 |
| 001 - CONTROL NUMBER | |
| control field | ##L133258 |
| 008 - FIXED-LENGTH DATA ELEMENTS--GENERAL INFORMATION | |
| fixed length control field | 060424n2006 000 0 eng u |
| 035 ## - SYSTEM CONTROL NUMBER | |
| System control number | (Sirsi) u133258 |
| 041 0# - LANGUAGE CODE | |
| Language code of text/sound track or separate title | eng |
| 100 1# - MAIN ENTRY--PERSONAL NAME | |
| Personal name | Bingham, Tony |
| 245 04 - TITLE STATEMENT | |
| Title | The pursuit of truth |
| 260 ## - PUBLICATION, DISTRIBUTION, ETC. | |
| Date of publication, distribution, etc. | 2006 |
| 490 #0 - SERIES STATEMENT | |
| Series statement | Building |
| Volume/sequential designation | 271(8427) 21 April 2006, 70-71(2) |
| 520 ## - SUMMARY, ETC. | |
| Summary, etc. | Gives facts of, and comments upon, "Perkins and another v Devoran Joinery Co Ltd and others" ([2006] EWHC 582 QB, unreported).The issue was whether P could commence a second set of proceedings against D in respect of defective windows at P's home, or whether it was an abuse of the court process to relitigate a question that had already been decided. It was held that as new facts and an expert's report had now come to light, it would be wrong to deprive P of the opportunity of having their new claims tested in court. |
| 590 ## - LOCAL NOTE (RLIN) | |
| Local note | IKA250406 |
| 650 24 - SUBJECT ADDED ENTRY--TOPICAL TERM | |
| Topical term or geographic name entry element | PERKINS AND ANOTHER V DEVORAN JOINERY CO LTD AND OTHERS |
| 650 24 - SUBJECT ADDED ENTRY--TOPICAL TERM | |
| Topical term or geographic name entry element | HENDERSON V HANDSON |
| 650 24 - SUBJECT ADDED ENTRY--TOPICAL TERM | |
| Topical term or geographic name entry element | JOHNSON V GORE WOOD AND CO |
| 690 ## - LOCAL SUBJECT ADDED ENTRY--TOPICAL TERM (OCLC, RLIN) | |
| Topical term or geographic name as entry element | MANAGEMENT-DISPUTE AVOIDANCE, MANAGEMENT AND RESOLUTION-DISPUTE MANAGEMENT AND RESOLUTION |
| 942 ## - ADDED ENTRY ELEMENTS (KOHA) | |
| Suppress in OPAC | 0 |
| Withdrawn status | Lost status | Source of classification or shelving scheme | Damaged status | Not for loan | Home library | Current library | Shelving location | Date acquired | Total Checkouts | Full call number | Barcode | Date last seen | Copy number | Price effective from | Koha item type |
|---|---|---|---|---|---|---|---|---|---|---|---|---|---|---|---|
| Dewey Decimal Classification | London | London | Journal article | 24/04/2006 | L133258 | 133258-1001 | 06/08/2019 | 1 | 06/08/2019 | Journal article | |||||
| Dewey Decimal Classification | London | London | Journal article | 24/04/2006 | L133258 | 133258-1002 | 06/08/2019 | 2 | 06/08/2019 | Journal article |